La consulenza alla famiglia (Record n. 213240)
[ formato base ]
| 000 -LEADER | |
|---|---|
| fixed length control field | 00887nam a2200205Ia 4500 |
| 001 - CONTROL NUMBER | |
| control field | b4064-24727 [3642] |
| 003 - CONTROL NUMBER IDENTIFIER | |
| control field | IT-MiCISF |
| 008 - FIXED-LENGTH DATA ELEMENTS--GENERAL INFORMATION | |
| fixed length control field | 161014s9999||||xx |||||||||||||| ||und|| |
| 040 ## - CATALOGING SOURCE | |
| Original cataloging agency | IT-MiCISF |
| Transcribing agency | IT-MiCISF |
| 041 ## - LANGUAGE CODE | |
| Language code of text/sound track or separate title | it |
| 999 ## - SYSTEM CONTROL NUMBERS (KOHA) | |
| Koha Dewey Subclass [OBSOLETE] | si |
| 100 ## - MAIN ENTRY--PERSONAL NAME | |
| Personal name | Pedrocco Biancardi Maria Teresa (a cura di) |
| 245 #0 - TITLE STATEMENT | |
| Title | La consulenza alla famiglia |
| Remainder of title | Dalla prevenzione al sostegno |
| 250 ## - EDITION STATEMENT | |
| Edition statement | 1a ed. |
| 260 ## - PUBLICATION, DISTRIBUTION, ETC. (IMPRINT) | |
| Place of publication, distribution, etc. | Torino |
| Name of publisher, distributor, etc. | Utet libreria |
| Date of publication, distribution, etc. | 1997 |
| 300 ## - PHYSICAL DESCRIPTION | |
| Extent | pp. 250 |
| 500 ## - GENERAL NOTE | |
| General note | Adami E., Andreoli Paoletti T., Beraldo C., Biancardi A., Bortolan L., Busetto B., Carboni Ammirati S., Cerato M., Ceroni C., Del Bel Belluz A., Marcassa A., Mazzoccato G., Moreschini G., Pedrocco Biancardi M.T., Rigon M.F., Rizzi G., Spaliviero T. / consulenza, consulenti, mediazione, famiglia, coppia-in-crisi, consultori, storia / |
| 650 ## - SUBJECT ADDED ENTRY--TOPICAL TERM | |
| Topical term or geographic name as entry element | consulenza-familiare |
| 942 ## - ADDED ENTRY ELEMENTS (KOHA) | |
| Koha item type | LIBRO |
| 957 ## - | |
| -- | 1 |
| 999 ## - SYSTEM CONTROL NUMBERS (KOHA) | |
| -- | 1 |
| Withdrawn status | Lost status | Damaged status | Not for loan | Home library | Current library | Date acquired | Total Checkouts | Full call number | Date last seen | Price effective from | Koha item type | Public note |
|---|---|---|---|---|---|---|---|---|---|---|---|---|
| Buone Condizioni | Not For Loan | CISF - Milano | CISF - Milano | 14/10/2016 | b4064-24727 [3642] | 14/10/2016 | 14/10/2016 | LIBRO | Data import 15.10.2016 / by Epidotti, Vaglietti |